<?xml version="1.0" encoding="UTF-8"?><?xml-stylesheet type="text/xsl" href="static/style.xsl"?><OAI-PMH xmlns="http://www.openarchives.org/OAI/2.0/" xmlns:xsi="http://www.w3.org/2001/XMLSchema-instance" xsi:schemaLocation="http://www.openarchives.org/OAI/2.0/ http://www.openarchives.org/OAI/2.0/OAI-PMH.xsd"><responseDate>2026-04-13T01:04:27Z</responseDate><request verb="GetRecord" identifier="oai:www.recercat.cat:2445/174333" metadataPrefix="marc">https://recercat.cat/oai/request</request><GetRecord><record><header><identifier>oai:recercat.cat:2445/174333</identifier><datestamp>2025-11-20T15:57:45Z</datestamp><setSpec>com_2072_1057</setSpec><setSpec>col_2072_478798</setSpec><setSpec>col_2072_478916</setSpec><setSpec>col_2072_478917</setSpec></header><metadata><record xmlns="http://www.loc.gov/MARC21/slim" xmlns:dcterms="http://purl.org/dc/terms/" xmlns:xsi="http://www.w3.org/2001/XMLSchema-instance" xmlns:doc="http://www.lyncode.com/xoai" xsi:schemaLocation="http://www.loc.gov/MARC21/slim http://www.loc.gov/standards/marcxml/schema/MARC21slim.xsd">
   <leader>00925njm 22002777a 4500</leader>
   <datafield ind2=" " ind1=" " tag="042">
      <subfield code="a">dc</subfield>
   </datafield>
   <datafield ind2=" " ind1=" " tag="720">
      <subfield code="a">Moreno González, Rafael</subfield>
      <subfield code="e">author</subfield>
   </datafield>
   <datafield ind2=" " ind1=" " tag="720">
      <subfield code="a">Corbella, Xavier</subfield>
      <subfield code="e">author</subfield>
   </datafield>
   <datafield ind2=" " ind1=" " tag="720">
      <subfield code="a">Mattace-Raso, Francesco</subfield>
      <subfield code="e">author</subfield>
   </datafield>
   <datafield ind2=" " ind1=" " tag="720">
      <subfield code="a">Tap, Lisanne</subfield>
      <subfield code="e">author</subfield>
   </datafield>
   <datafield ind2=" " ind1=" " tag="720">
      <subfield code="a">Sieber, Cornel</subfield>
      <subfield code="e">author</subfield>
   </datafield>
   <datafield ind2=" " ind1=" " tag="720">
      <subfield code="a">Freiberger, Ellen</subfield>
      <subfield code="e">author</subfield>
   </datafield>
   <datafield ind2=" " ind1=" " tag="720">
      <subfield code="a">Kostka, Tomasz</subfield>
      <subfield code="e">author</subfield>
   </datafield>
   <datafield ind2=" " ind1=" " tag="720">
      <subfield code="a">Guligowska, Agnieszka</subfield>
      <subfield code="e">author</subfield>
   </datafield>
   <datafield ind2=" " ind1=" " tag="720">
      <subfield code="a">Melzer, Itshak</subfield>
      <subfield code="e">author</subfield>
   </datafield>
   <datafield ind2=" " ind1=" " tag="720">
      <subfield code="a">Melzer, Yehudit</subfield>
      <subfield code="e">author</subfield>
   </datafield>
   <datafield ind2=" " ind1=" " tag="720">
      <subfield code="a">Carlsson, Axel C.</subfield>
      <subfield code="e">author</subfield>
   </datafield>
   <datafield ind2=" " ind1=" " tag="720">
      <subfield code="a">Ärnlöv, Johan</subfield>
      <subfield code="e">author</subfield>
   </datafield>
   <datafield ind2=" " ind1=" " tag="720">
      <subfield code="a">Roller-Wirnsberger, Regina</subfield>
      <subfield code="e">author</subfield>
   </datafield>
   <datafield ind2=" " ind1=" " tag="720">
      <subfield code="a">Wirnsberger, Gerhard</subfield>
      <subfield code="e">author</subfield>
   </datafield>
   <datafield ind2=" " ind1=" " tag="720">
      <subfield code="a">Gil, Pedro</subfield>
      <subfield code="e">author</subfield>
   </datafield>
   <datafield ind2=" " ind1=" " tag="720">
      <subfield code="a">Lainez Martinez, Sara</subfield>
      <subfield code="e">author</subfield>
   </datafield>
   <datafield ind2=" " ind1=" " tag="720">
      <subfield code="a">Fabbietti, Paolo</subfield>
      <subfield code="e">author</subfield>
   </datafield>
   <datafield ind2=" " ind1=" " tag="720">
      <subfield code="a">Corsonello, Andrea</subfield>
      <subfield code="e">author</subfield>
   </datafield>
   <datafield ind2=" " ind1=" " tag="720">
      <subfield code="a">Lattanzio, Fabrizia</subfield>
      <subfield code="e">author</subfield>
   </datafield>
   <datafield ind2=" " ind1=" " tag="720">
      <subfield code="a">Formiga Pérez, Francesc</subfield>
      <subfield code="e">author</subfield>
   </datafield>
   <datafield ind2=" " ind1=" " tag="720">
      <subfield code="a">SCOPE investigators</subfield>
      <subfield code="e">author</subfield>
   </datafield>
   <datafield ind2=" " ind1=" " tag="260">
      <subfield code="c">2021-02-25T17:07:46Z</subfield>
   </datafield>
   <datafield ind2=" " ind1=" " tag="260">
      <subfield code="c">2021-02-25T17:07:46Z</subfield>
   </datafield>
   <datafield ind2=" " ind1=" " tag="260">
      <subfield code="c">2020-10-02</subfield>
   </datafield>
   <datafield ind2=" " ind1=" " tag="260">
      <subfield code="c">2021-02-08T10:30:52Z</subfield>
   </datafield>
   <datafield ind2=" " ind1=" " tag="520">
      <subfield code="a">Background: Loss of muscle mass and function may be more pronounced in older adults with chronic kidney disease (CKD) and with albuminuria. Thus, we investigated the prevalence of sarcopenia among community-dwelling older adults according to kidney function and grade of albuminuria. We also explored differences in the prevalence of sarcopenia according to three different equations for the estimation of glomerular filtration rate (eGFR). Methods: A cross-sectional analysis of 1420 community-dwelling older adults (>= 75 years old) included in the SCOPE study, a multicenter prospective cohort study, was conducted. Comprehensive geriatric assessment including short physical performance battery (SPPB), handgrip strength test and bioelectrical impedance analysis (BIA) was performed. Sarcopenia was defined using the updated criteria of the European Working Group on Sarcopenia in Older People (EWGSOP2). eGFR was calculated using Berlin Initiative Study (BIS), Chronic Kidney Disease Epidemiological Collaboration (CKD-EPI) and Full Age Spectrum (FAS) equations, and urinary albumin-to-creatinine ratio (ACR) was collected to categorize CKD according to Kidney Disease Improving Global Outcomes guidelines. Results: Median age was 79.5 years (77.0-83.0), 804 (56.6%) were women. Using EWGSOP2 definition, 150 (10.6%) participants met diagnostic criteria for sarcopenia. Moreover, 85 (6%) participants had severe sarcopenia. Sarcopenia was more prevalent in participants with more advanced stages of CKD according to BIS eq. (9.6% in stages 1 and 2 and 13.9% in stages 3a, 3b and 4,p = 0.042), and also according to CKD-EPI (9.8% vs. 14.2%, p = 0.042) and FAS although not reaching statistical signification (9.8% vs. 12.7%,p = 0.119). Thus, differences in prevalence are observed among CKD categories as estimated by different equations. Prevalence of sarcopenia was also higher with increasing albuminuria categories: 9.3% in normoalbuminuric, 13.2% in microalbuminuric and 16.8% in macroalbuminuric participants, (p = 0.019). Conclusions Sarcopenia is common among community-dwelling older adults, especially among those with more advanced CKD categories, with prevalence estimates differing slightly depending on the equation used for the estimation of eGFR; as well as among those with higher albuminuria categories.</subfield>
   </datafield>
   <datafield tag="653" ind2=" " ind1=" ">
      <subfield code="a">Malalties del ronyó</subfield>
   </datafield>
   <datafield tag="653" ind2=" " ind1=" ">
      <subfield code="a">Proteïnúria</subfield>
   </datafield>
   <datafield tag="653" ind2=" " ind1=" ">
      <subfield code="a">Kidney diseases</subfield>
   </datafield>
   <datafield tag="653" ind2=" " ind1=" ">
      <subfield code="a">Proteinuria</subfield>
   </datafield>
   <datafield ind2="0" ind1="0" tag="245">
      <subfield code="a">Prevalence of sarcopenia in community-dwelling older adults using the updated EWGSOP2 definition according to kidney function and albuminuria The Screening for CKD among Older People across Europe (SCOPE) study</subfield>
   </datafield>
</record></metadata></record></GetRecord></OAI-PMH>